Các phương pháp phổ trong hóa học hữu cơ
Sách đề cập đến các phổ học: hồng ngoại, Raman, cộng hưởng từ hạt nhân và phổ khối lượng. Bốn phương pháp phổ học được đề cập trong 4 chương tương ứng. Chương 5 tác giả mô tả các chiếu mới trong phổ học cộng hưởng từ hạt nhân...
Sparad:
| Huvudupphovsman: | |
|---|---|
| Materialtyp: | Bok |
| Språk: | Undetermined |
| Publicerad: |
Hà Nội
Khoa học và Kỹ thuật
2007
|
| Ämnen: | |
| Taggar: |
Lägg till en tagg
Inga taggar, Lägg till första taggen!
|
| Thư viện lưu trữ: | Trung tâm Học liệu Trường Đại học Cần Thơ |
|---|
| LEADER | 01191nam a2200205Ia 4500 | ||
|---|---|---|---|
| 001 | CTU_129084 | ||
| 008 | 210402s9999 xx 000 0 und d | ||
| 020 | |c 58000 | ||
| 082 | |a 547.30858 | ||
| 082 | |b H455 | ||
| 100 | |a Nguyễn, Thanh Hồng | ||
| 245 | 0 | |a Các phương pháp phổ trong hóa học hữu cơ | |
| 245 | 0 | |c Nguyễn Thanh Hồng | |
| 260 | |a Hà Nội | ||
| 260 | |b Khoa học và Kỹ thuật | ||
| 260 | |c 2007 | ||
| 520 | |a Sách đề cập đến các phổ học: hồng ngoại, Raman, cộng hưởng từ hạt nhân và phổ khối lượng. Bốn phương pháp phổ học được đề cập trong 4 chương tương ứng. Chương 5 tác giả mô tả các chiếu mới trong phổ học cộng hưởng từ hạt nhân. Chương 6 giới thiệu chiến lược chung cho việc xác định cấu trúc của saponin dựa trên cơ sở các kỹ thuật cộng hưởng từ hạt nhân | ||
| 650 | |a Chemistry, organic,Spectrum analysis. | ||
| 904 | |i Minh | ||
| 980 | |a Trung tâm Học liệu Trường Đại học Cần Thơ | ||